000 00448nam a22001455i 4500
001 171813
003 ES-MaACL
005 20230906214734.0
008 090602s1970 sp |||| | spa d
100 1 _aSolís Llorente, Luis.
_9140430
245 1 0 _aMonólogos de Doña Agrícola /
_cLuis Solís Llorente.
260 _a[Sevilla :
_bs.n.,
_c1970] (
_fImp. San Antonio)
300 _a368 p. :
_bil. ;
_c21 cm.
852 _aES-MaACL
_jC-46138
_9R.75184
999 _c171813
_d171813